Geometry of feedback and optimal control (Record no. 63939)

MARC details
000 -LEADER
fixed length control field 00931nam a2200313Ia 4500
003 - CONTROL NUMBER IDENTIFIER
control field OSt
005 - DATE AND TIME OF LATEST TRANSACTION
control field 20220912151225.0
008 - FIXED-LENGTH DATA ELEMENTS--GENERAL INFORMATION
fixed length control field 220909b |||||||| |||| 00| 0 eng d
020 ## - INTERNATIONAL STANDARD BOOK NUMBER
International Standard Book Number 0824790685 (hbd)
037 ## - SOURCE OF ACQUISITION
Terms of availability Textual
040 ## - CATALOGING SOURCE
Original cataloging agency CSL
Language of cataloging eng
Transcribing agency CSL
041 ## - LANGUAGE CODE
Language code of text/sound track or separate title eng
100 ## - MAIN ENTRY--PERSONAL NAME
Personal name Jakubczyk Bronislaw Ed
245 #0 - TITLE STATEMENT
Title Geometry of feedback and optimal control
260 ## - PUBLICATION, DISTRIBUTION, ETC.
Place of publication, distribution, etc. New York
Name of publisher, distributor, etc. Marcel Dekker Inc
Date of publication, distribution, etc. 1998
300 ## - PHYSICAL DESCRIPTION
Extent vii, 564p
490 ## - SERIES STATEMENT
Series statement Pure and applied mathematics: a series of monographs and textbooks; 207
500 ## - GENERAL NOTE
General note Index 559-564p
650 ## - SUBJECT ADDED ENTRY--TOPICAL TERM
Topical term or geographic name entry element Mathematical optimization
650 ## - SUBJECT ADDED ENTRY--TOPICAL TERM
Topical term or geographic name entry element Operations Research
700 ## - ADDED ENTRY--PERSONAL NAME
Personal name Respondek Witold Ed
942 ## - ADDED ENTRY ELEMENTS (KOHA)
Classification part B28931, N8
Koha item type Textual
Source of classification or shelving scheme Colon Classification (CC)
Holdings
Withdrawn status Lost status Damaged status Not for loan Home library Current library Date acquired Source of acquisition Total Checkouts Full call number Barcode Date last seen Price effective from Koha item type
        Central Science Library Central Science Library 2022-09-12 Sumee,   B28931 N8 SL1173878 2022-09-12 2022-09-12 Textual
Copyright @ Delhi University Library System